000 00535nam a2200193Ia 4500
003 GCL
008 140319s9999 xx 000 0 ara d
040 _aGCL /
_cGCL
082 0 4 _a214
_bس م
245 1 0 _aالمسلمون من هم ?
260 _a[S.N] :
_bدار الكتاب اللبنانى ،
_c1986
300 _a99 ص
490 _a
650 0 4 _aالاسلام
650 0 4 _aالاخلاق الاسلامية
650 0 4 _aالاداب الاسلامية
650 0 4 _aالفرق الاسلامية
942 _2ddc
_cBK
999 _c53906
_d53906